000 01106cam a2200325 i 4500
001 18065514
003 PILC
005 20150908150530.0
008 140312s2014 maua 001 0 eng
010 _a 2013372072
020 _a9780321625922 (hbk)
020 _a0321625927 (hbk)
020 _a9780321869111 (hbk : Books a la carte edition)
020 _a0321869117 (hbk : Books a la carte edition)
020 _a9780321767912 (hbk : Instructor review copy)
020 _a0321767918 (hbk : Instructor review copy)
040 _aDLC
_beng
_erda
_cDLC
042 _apcc
050 0 0 _aQC 23
_b.G399 2014
100 1 _aGiancoli, Douglas C.
245 1 0 _aPhysics :
_bprinciples with applications /
_cDouglas C. Giancoli.
250 _a7th edition.
260 _aBoston :
_bPearson,
_c2014.
300 _axix, 983, 71 pages :
_billustrations (chiefly color) ;
_c29 cm.
500 _aIncludes index.
650 0 _aPhysics.
906 _a7
_bcbc
_corignew
_d2
_encip
_f20
_gy-gencatlg
942 _2lcc
_cBK
_kFOR
999 _c288650
_d288650